Six Attitudes For Winners (Record no. 11365)
[ view plain ]
| 000 -LEADER | |
|---|---|
| fixed length control field | 00627nam a2200241 a 4500 |
| 001 - CONTROL NUMBER | |
| control field | 0001-1365 |
| 003 - CONTROL NUMBER IDENTIFIER | |
| control field | ELIB.Books |
| 008 - FIXED-LENGTH DATA ELEMENTS--GENERAL INFORMATION | |
| fixed length control field | 151105 2010 eng |
| 020 ## - INTERNATIONAL STANDARD BOOK NUMBER | |
| International Standard Book Number | 9788179929841 |
| 035 ## - SYSTEM CONTROL NUMBER | |
| System control number | (ELIB.Books)0001-1520 |
| 092 ## - LOCALLY ASSIGNED DEWEY CALL NUMBER (OCLC) | |
| Classification number | 658.4 |
| Item number | Pea |
| 100 ## - MAIN ENTRY--PERSONAL NAME | |
| Personal name | Peale, Norman Vincent |
| 245 ## - TITLE STATEMENT | |
| Title | Six Attitudes For Winners |
| 260 ## - PUBLICATION, DISTRIBUTION, ETC. (IMPRINT) | |
| Place of publication, distribution, etc. | Bangalore |
| Name of publisher, distributor, etc. | JAICO Publishing House |
| Date of publication, distribution, etc. | 2011 |
| 300 ## - PHYSICAL DESCRIPTION | |
| Extent | 136 |
| Dimensions | 20.5 Cm |
| 500 ## - GENERAL NOTE | |
| General note | Library |
| 650 ## - SUBJECT ADDED ENTRY--TOPICAL TERM | |
| Topical term or geographic name as entry element | Leadership |
| 856 ## - ELECTRONIC LOCATION AND ACCESS | |
| Name of location of host | KBTS: Library |
| Uniform Resource Identifier | <a href="KBTS: Elib">KBTS: Elib</a> |
| 942 ## - ADDED ENTRY ELEMENTS (KOHA) | |
| Source of classification or shelving scheme | Dewey Decimal Classification |
| Koha item type | Books |
| 990 ## - EQUIVALENCES OR CROSS-REFERENCES [LOCAL, CANADA] | |
| Link information for 9XX fields | 3 |
| 998 ## - LOCAL CONTROL INFORMATION (RLIN) | |
| Cataloger's initials, CIN (RLIN) | bat |
| -- | 2015-11-05 |
| -- | cat |
| -- | 2019-07-09 |
| Withdrawn status | Lost status | Source of classification or shelving scheme | Damaged status | Not for loan | Home library | Current library | Date acquired | Total Checkouts | Barcode | Date last seen | Bill Date | Koha item type |
|---|---|---|---|---|---|---|---|---|---|---|---|---|
| Dewey Decimal Classification | Karen Baptist Theological Seminary Library | Karen Baptist Theological Seminary Library | 05/11/2015 | 14612, 14613, 14611 | 22/01/2022 | 22/01/2022 | Books |